Teaching for peace and peace curriculum in Manipur/ (Record no. 163297)

MARC details
000 -LEADER
fixed length control field 00686nam a2200205 4500
005 - DATE AND TIME OF LATEST TRANSACTION
control field 20190408160900.0
010 ## - LCCN (DPL NO)
LC control number ENG-125033
020 ## - INTERNATIONAL STANDARD BOOK NUMBER
International Standard Book Number 9788192234922
Terms of availability 75.00
035 ## - SYSTEM CONTROL NUMBER
System control number EN-108565
037 ## - SOURCE OF ACQUISITION
Source of stock number/acquisition DBAD/PUB
082 ## - DEWEY DECIMAL CLASSIFICATION NUMBER
Classification number 327.1720705417
100 ## - MAIN ENTRY--PERSONAL NAME
Personal name Serto, Leban
245 ## - TITLE STATEMENT
Title Teaching for peace and peace curriculum in Manipur/
Statement of responsibility, etc by Leban Serto
260 ## - PUBLICATION, DISTRIBUTION, ETC. (IMPRINT)
Place of publication, distribution, etc Guwahati
Name of publisher, distributor, etc North eastern social research centre
Date of publication, distribution, etc 2011
270 ## - ADDRESS
Address 110 Kharguli road (1st floor)
City Guwahati
Postal code 781004
Electronic mail address nesrcghy@gmail.com
300 ## - PHYSICAL DESCRIPTION
Extent viii, 91p.
Dimensions 23cm(pbk)
490 ## - SERIES STATEMENT
Series statement NESRC peace studies series 5
500 ## - GENERAL NOTE
General note It includes references
942 ## - ADDED ENTRY ELEMENTS (KOHA)
Source of classification or shelving scheme Dewey Decimal Classification
Item type English Books
Classification part 327.1720705417
Call number suffix SER
Holdings
Withdrawn status Lost status Not for loan Collection code Home library Current library Date acquired Source of acquisition Cost, normal purchase price Full call number Barcode Copy number Cost, replacement price Koha item type
    Not For Loan Non-fiction D.B.Act.Division Central Library 08/04/2019 DBAD/PUB 75.00 327.1720705417 SER EN-108565 1 75.00 English Books

© Delhi Public Library
Hit Counter
free hit counter